[Event "TCh-FRA Top 12 2016"]
[Site "Drancy FRA"]
[Date "2016.06.02"]
[Round "6.4"]
[Board "5"]
[White "Leroy, Didier"]
[Black "Riff, Jean-Noel"]
[Result "1-0"]
[WhiteTitle "IM"]
[BlackTitle "GM"]
[WhiteElo "2289"]
[BlackElo "2506"]
[WhiteTeam "EVRY Grand Roque"]
[BlackTeam "MULHOUSE Philidor"]
[WhiteFideId "610950"]
[BlackFideId "611190"]
[EventDate "2016.05.28"]

1. e4 e6 2. d4 d5 3. Nd2 Be7 4. e5 c5 5. Qg4 Bf8 6. dxc5 Nc6 7. Ngf3 Qc7 8. Nb3
Nxe5 9. Nxe5 Qxe5+ 10. Be3 Nf6 11. Bb5+ Bd7 12. Bxd7+ Nxd7 13. O-O h5 14. Qa4
Qc7 15. Rac1 Be7 16. c4 dxc4 17. Rxc4 O-O 18. h3 a6 19. Rfc1 Rac8 20. Nd2 Rfd8
21. Qc2 Ne5 22. Rc3 Ng6 23. Qe4 Bf6 24. Rb3 Rd5 25. Qb4 b5 26. a4 Rb8 27. axb5
Rxb5 28. Qa3 Qc6 29. Ra1 Rxb3 30. Qxb3 Bd4 31. Bxd4 Rxd4 32. Qb8+ Kh7 33. Nf3
Rd5 34. b4 f6 35. Qa7 h4 36. Kh2 Rd3 37. Qxa6 Qd5 38. Re1 Nf4 39. Re3 Rd1 40.
Qa4 Rb1 41. b5 Ng6 42. Rc3 Rf1 43. Qd4 Qa2 44. Nxh4 Rxf2 45. c6 Nf4 46. Rg3 Rf1
47. Rf3 Rxf3 48. Qe4+ f5 49. Qxf3 Qc4 50. b6 g5 51. b7 Qb4 52. g3 gxh4 53. gxf4
Qd2+ 54. Kg1 Qe1+ 55. Kg2 Qd2+ 56. Qf2 Qd5+ 57. Kh2 Qd6 58. Qxh4+ Kg6 59. Qg3+
Kf7 60. Qe3 Qb4 61. Kg3 Qb1 62. Qf2 Qb4 63. h4 Qb1 64. Kh2 Qb4 65. h5 Qd6 66.
Kh3 e5 67. fxe5 Qd3+ 68. Kh2 Qb1 69. Qe2 Qb4 70. Kg2 Ke7 71. h6 Qb6 72. Kh2 Qb4
73. Qf2 Qb5 74. Qg3 Qe2+ 75. Kh3 Qf1+ 76. Qg2 Qd3+ 77. Kh2 Qd4 78. Qg7+ 1-0

[Event "TCh-FRA Top 12 2016"]
[Site "Drancy FRA"]
[Date "2016.06.02"]
[Round "6.4"]
[Board "6"]
[White "Sokolov, Andrei1"]
[Black "Justo, Damian"]
[Result "1-0"]
[WhiteTitle "GM"]
[BlackTitle "FM"]
[WhiteElo "2528"]
[BlackElo "2325"]
[WhiteTeam "MULHOUSE Philidor"]
[BlackTeam "EVRY Grand Roque"]
[WhiteFideId "627089"]
[BlackFideId "101168"]
[EventDate "2016.05.28"]

1. e4 e6 2. d4 d5 3. Nc3 Bb4 4. exd5 exd5 5. Bd3 Nc6 6. a3 Ba5 7. Ne2 Nge7 8.
O-O Bf5 9. Na4 Bb6 10. Nxb6 axb6 11. Ng3 Bxd3 12. Qxd3 Qd7 13. Bd2 h5 14. Rfe1
O-O-O 15. h4 Rde8 16. a4 Qg4 17. a5 bxa5 18. Bxa5 Qxd4 19. Qf3 Qxh4 20. Bc3 Qg4
21. Qxf7 h4 22. f3 Qg6 23. Qxg6 Nxg6 24. Nf5 Rxe1+ 25. Rxe1 Rf8 26. Nxg7 d4 27.
Bd2 h3 28. Ne6 Rf5 29. Re4 hxg2 30. Kxg2 Re5 31. Rxe5 Ngxe5 32. b3 b6 33. f4 Nf7
34. f5 Kd7 35. Kg3 Ne7 36. Kf4 c5 37. Nf8+ Kd6 38. f6 Nd5+ 39. Kf5 b5 40. Ng6 c4
41. b4 Kd7 42. Ne5+ Ke8 43. Nc6 c3 44. Bc1 Kd7 45. Nxd4 Nxb4 46. Kg6 Ne5+ 47.
Kg7 Nec6 48. Nxc6 Nxc6 49. f7 Nd8 50. Ba3 Kc6 51. Bb4 Kd5 52. Bxc3 Kc4 53. Bb2
b4 54. Kf6 Nxf7 55. Kxf7 b3 56. c3 Kd3 57. Ba1 1-0

[Event "TCh-FRA Top 12 2016"]
[Site "Drancy FRA"]
[Date "2016.06.02"]
[Round "6.4"]
[Board "7"]
[White "Marchand, Francois"]
[Black "Ider, Borya"]
[Result "0-1"]
[WhiteTitle "FM"]
[BlackTitle "IM"]
[WhiteElo "2218"]
[BlackElo "2430"]
[WhiteTeam "EVRY Grand Roque"]
[BlackTeam "MULHOUSE Philidor"]
[WhiteFideId "603295"]
[BlackFideId "4901134"]
[EventDate "2016.05.28"]

1. d4 e6 2. c4 Nf6 3. g3 d5 4. Bg2 dxc4 5. Nf3 Be7 6. Qa4+ c6 7. Qxc4 b5 8. Qc2
Bb7 9. O-O Nbd7 10. Nc3 Rc8 11. Bf4 O-O 12. Rad1 Qb6 13. Ne5 Rfd8 14. Ne4 Nxe5
15. Bxe5 Nxe4 16. Qxe4 a5 17. Qg4 Bf8 18. Bf6 Re8 19. Be4 Ba8 20. Rc1 g6 21. h4
c5 22. Bb1 Qb7 23. f3 Qd5 24. e4 Qd7 25. h5 cxd4 26. e5 d3 27. Rcd1 Rc4 28. Qh3
Rd4 29. Kg2 Qd5 30. hxg6 fxg6 0-1

[Event "TCh-FRA Top 12 2016"]
[Site "Drancy FRA"]
[Date "2016.06.02"]
[Round "6.4"]
[Board "8"]
[White "Choisy, Mathilde"]
[Black "Bernard, Jacques"]
[Result "1/2-1/2"]
[WhiteTitle "WFM"]
[WhiteElo "2181"]
[BlackElo "2164"]
[WhiteTeam "MULHOUSE Philidor"]
[BlackTeam "EVRY Grand Roque"]
[WhiteFideId "634565"]
[BlackFideId "616176"]
[EventDate "2016.05.28"]

1. e4 c5 2. Nf3 Nc6 3. d4 cxd4 4. Nxd4 Nf6 5. Nc3 e5 6. Ndb5 d6 7. Bg5 a6 8. Na3
b5 9. Nd5 Be7 10. Bxf6 Bxf6 11. c3 Bb7 12. Nc2 Nb8 13. Nce3 O-O 14. Nf5 Nd7 15.
Nxd6 Bxd5 16. exd5 Nb6 17. Ne4 Nxd5 18. Nxf6+ Nxf6 19. Qxd8 1/2-1/2

[Event "TCh-FRA Top 12 2016"]
[Site "Drancy FRA"]
[Date "2016.06.02"]
[Round "6.5"]
[Board "1"]
[White "Petkov, Vladimir"]
[Black "Degraeve, Jean-Marc"]
[Result "1/2-1/2"]
[WhiteTitle "GM"]
[BlackTitle "GM"]
[WhiteElo "2493"]
[BlackElo "2561"]
[WhiteTeam "Cavalier Bleu DRANCY"]
[BlackTeam "Les Tours de Haute Picardie, SAINT QUENTIN"]
[WhiteFideId "2901188"]
[BlackFideId "600270"]
[EventDate "2016.05.28"]

1. Nf3 g6 2. g3 Bg7 3. d4 c5 4. c3 cxd4 5. cxd4 Nf6 6. Bg2 O-O 7. Nc3 d6 8. O-O
Nc6 9. h3 Bd7 10. e4 e5 11. Be3 Rc8 12. d5 Na5 13. Nd2 a6 14. a4 Qc7 15. Ra3 Ne8
16. Ncb1 b5 17. axb5 axb5 18. b4 Nc4 19. Nxc4 Qxc4 20. Qd2 f5 21. Ra7 Nf6 22.
Na3 Qc3 23. Qxc3 Rxc3 24. exf5 gxf5 25. Rb1 Rb8 26. Bd2 Rd3 27. Bg5 Be8 28. Nc2
Bg6 29. Rba1 Nxd5 30. Ne1 Rd4 31. Nc2 Rd3 32. Ne1 1/2-1/2

[Event "TCh-FRA Top 12 2016"]
[Site "Drancy FRA"]
[Date "2016.06.02"]
[Round "6.5"]
[Board "2"]
[White "Neiksans, Arturs"]
[Black "Chabanon, Jean-Luc"]
[Result "1/2-1/2"]
[WhiteTitle "GM"]
[BlackTitle "GM"]
[WhiteElo "2627"]
[BlackElo "2452"]
[WhiteTeam "Les Tours de Haute Picardie, SAINT QUENTIN"]
[BlackTeam "Cavalier Bleu DRANCY"]
[WhiteFideId "11601388"]
[BlackFideId "600075"]
[EventDate "2016.05.28"]

1. Nf3 d5 2. g3 c6 3. Bg2 Bg4 4. O-O Nd7 5. d3 Ngf6 6. h3 Bxf3 7. exf3 e6 8. f4
Bd6 9. Nd2 O-O 10. Nf3 a5 11. a4 Qc7 12. Re1 Rfe8 13. Be3 Re7 14. c3 Rae8 15. d4
Nb6 16. Ne5 Nfd7 17. b3 f6 18. Ra2 Na8 19. Nd3 Nab6 20. Rae2 Nc8 21. c4 Qd8 22.
Bc1 Nf8 23. Bb2 Bc7 24. c5 Rf7 25. Bf3 Ne7 26. Bg4 f5 27. Bf3 Neg6 28. Re3 Rfe7
29. R1e2 Nh8 30. Qe1 Nf7 31. Bg2 Qa8 32. Bc1 g6 33. Bd2 Rb8 34. Bc1 Rbe8 35. g4
Nd8 36. Rg3 Kh8 37. Bd2 Rg7 38. Ne5 Ree7 39. Kh2 Nd7 40. gxf5 gxf5 41. Qd1 Nf6
42. Re1 Nf7 43. Rxg7 Kxg7 44. Rg1 Kh8 45. Qf3 Qf8 46. Bf1 Qh6 47. Be3 Nd8 48.
Bd3 Rg7 49. Rg3 Ne4 50. Bxe4 dxe4 51. Qg2 Kg8 52. f3 exf3 53. Qxf3 Nf7 54. Nc4
Rxg3 55. Qxg3+ Kf8 56. Kg2 Qf6 57. Kf3 Qd8 58. Ke2 Qd5 59. Qf3 Ke8 60. Nd2 b6
61. Qh5 Qg2+ 62. Kd3 bxc5 63. dxc5 Qg6 64. Qxg6 hxg6 65. Nc4 e5 66. fxe5 Nxe5+
67. Nxe5 Bxe5 68. Bd2 1/2-1/2

[Event "TCh-FRA Top 12 2016"]
[Site "Drancy FRA"]
[Date "2016.06.02"]
[Round "6.5"]
[Board "3"]
[White "Kogan, Arthur"]
[Black "Sumets, Andrey"]
[Result "1/2-1/2"]
[WhiteTitle "GM"]
[BlackTitle "GM"]
[WhiteElo "2528"]
[BlackElo "2571"]
[WhiteTeam "Cavalier Bleu DRANCY"]
[BlackTeam "Les Tours de Haute Picardie, SAINT QUENTIN"]
[WhiteFideId "2800802"]
[BlackFideId "14105500"]
[EventDate "2016.05.28"]

1. e4 e6 2. d4 d5 3. Nc3 Nf6 4. e5 Nfd7 5. f4 c5 6. Nf3 Nc6 7. Be3 a6 8. Ne2 Qb6
9. Rb1 Qa5+ 10. Bd2 Qc7 11. c3 b5 12. g4 Nb6 13. b3 b4 14. Bg2 bxc3 15. Bxc3
cxd4 16. Nfxd4 Nxd4 17. Bxd4 Bb4+ 18. Kf2 O-O 19. Rc1 Qb8 20. Qd3 Nd7 21. g5 a5
22. Rc2 1/2-1/2

[Event "TCh-FRA Top 12 2016"]
[Site "Drancy FRA"]
[Date "2016.06.02"]
[Round "6.5"]
[Board "4"]
[White "Kovalenko, Igor"]
[Black "Todorov, Todor"]
[Result "1-0"]
[WhiteTitle "GM"]
[BlackTitle "GM"]
[WhiteElo "2644"]
[BlackElo "2494"]
[WhiteTeam "Les Tours de Haute Picardie, SAINT QUENTIN"]
[BlackTeam "Cavalier Bleu DRANCY"]
[WhiteFideId "14117908"]
[BlackFideId "2903237"]
[EventDate "2016.05.28"]

1. c4 g6 2. d4 Bg7 3. e4 d6 4. Nc3 e5 5. Nge2 exd4 6. Nxd4 Nc6 7. Be3 Nge7 8. h4
f5 9. h5 fxe4 10. hxg6 hxg6 11. Rxh8+ Bxh8 12. Nxe4 Bf5 13. Nxf5 gxf5 14. g3
Bxb2 15. Rb1 Bg7 16. Qh5+ Kd7 17. Bh3 Qf8 18. Rxb7 Rb8 19. Rxb8 Nxb8 20. Bxa7
Nbc6 21. Be3 Nd4 22. Kf1 Qh8 23. Qxh8 Bxh8 24. Nd2 Ke6 25. a4 Nec6 26. Bg2 Na5
27. Bd5+ Kd7 28. f4 Nc2 29. Bf2 Bd4 30. Nf3 Bxf2 31. Kxf2 Ke7 32. Ke2 c5 33. Kd2
Nb4 34. Nh4 Kf6 35. Kc3 Na2+ 36. Kb2 Nb4 37. Ng2 Na6 38. Ne3 Nc7 39. Kc3 Ne8 40.
Bf3 Nc7 41. Nd5+ Nxd5+ 42. cxd5 Kg6 43. Bd1 1-0

[Event "TCh-FRA Top 12 2016"]
[Site "Drancy FRA"]
[Date "2016.06.02"]
[Round "6.5"]
[Board "5"]
[White "Komarov, Dimitri"]
[Black "David, Alberto"]
[Result "0-1"]
[WhiteTitle "GM"]
[BlackTitle "GM"]
[WhiteElo "2506"]
[BlackElo "2571"]
[WhiteTeam "Cavalier Bleu DRANCY"]
[BlackTeam "Les Tours de Haute Picardie, SAINT QUENTIN"]
[WhiteFideId "14101270"]
[BlackFideId "4000013"]
[EventDate "2016.05.28"]

1. Nf3 Nf6 2. c4 e6 3. d4 d5 4. Nc3 Bb4 5. Bg5 Nbd7 6. e3 c5 7. cxd5 exd5 8. Qc2
Qa5 9. Bd3 c4 10. Bf5 O-O 11. O-O Re8 12. Nd2 g6 13. Bxd7 Nxd7 14. h4 f6 15. Bf4
Nb6 16. f3 Bxc3 17. bxc3 Qa4 18. Qc1 Bf5 19. e4 dxe4 20. fxe4 Bxe4 21. Be5 Bxg2
22. Rf2 fxe5 23. Rxg2 Qc6 24. h5 Re6 25. Qc2 exd4 26. cxd4 Qd5 27. Rf1 Qxd4+ 28.
Kh1 Re5 29. Rxg6+ Kh8 30. Nf3 Rxh5+ 31. Kg2 Qd3 32. Qxd3 cxd3 33. Rd6 Nd5 34.
Kf2 Rf8 35. Rd1 Nc3 36. Re1 Rh2+ 37. Kg3 Rxa2 38. Rxd3 Ne2+ 39. Kh4 Ra4+ 40. Kg5
Ra5+ 41. Kh4 Nf4 42. Rd2 Rg8 0-1

[Event "TCh-FRA Top 12 2016"]
[Site "Drancy FRA"]
[Date "2016.06.02"]
[Round "6.5"]
[Board "6"]
[White "Marcelin, Cyril"]
[Black "Bijaoui, Manuel"]
[Result "0-1"]
[WhiteTitle "GM"]
[BlackTitle "IM"]
[WhiteElo "2477"]
[BlackElo "2406"]
[WhiteTeam "Les Tours de Haute Picardie, SAINT QUENTIN"]
[BlackTeam "Cavalier Bleu DRANCY"]
[WhiteFideId "607274"]
[BlackFideId "626783"]
[EventDate "2016.05.28"]

1. d4 Nf6 2. Nf3 g6 3. c3 Bg7 4. Bf4 O-O 5. Nbd2 d6 6. h3 Nbd7 7. Bh2 b6 8. e4
e5 9. dxe5 dxe5 10. b4 Bb7 11. Qb1 Nh5 12. Bc4 Nf4 13. O-O Qf6 14. a4 a6 15. Re1
Rad8 16. Qc2 Rfe8 17. Bg3 h6 18. Nh2 Qe7 19. Ng4 h5 20. Ne3 Nf6 21. f3 Nh7 22.
Rad1 Ng5 23. Nd5 Nxd5 24. exd5 h4 25. Bh2 Bxd5 26. Bxa6 Qf6 27. Ne4 Nxf3+ 28.
gxf3 Qxf3 29. Rd3 Bxe4 30. Rxf3 Bxc2 31. Bb5 Re7 32. Bf4 f6 33. Be3 e4 34. Rf2
Bd3 35. c4 Re6 36. Rd2 f5 37. c5 Kh7 38. cxb6 cxb6 39. Rc1 Bd4 40. Rc7+ Kh8 41.
Bxd4+ Rxd4 42. Bxd3 exd3 43. a5 bxa5 44. bxa5 Kg8 45. Rb2 Kf8 46. Rb8+ Re8 47.
Rbb7 Re1+ 48. Kg2 d2 49. Rf7+ Ke8 50. Rh7 Re2+ 51. Kf3 Re7 52. Rhxe7+ Kd8 53.
Rb1 Kxe7 54. Rd1 Kd7 55. a6 Kc7 56. Ke3 Rd5 0-1

[Event "TCh-FRA Top 12 2016"]
[Site "Drancy FRA"]
[Date "2016.06.02"]
[Round "6.5"]
[Board "7"]
[White "Karr, Jean-Philippe"]
[Black "Lazarev, Vladimir"]
[Result "1/2-1/2"]
[WhiteTitle "IM"]
[BlackTitle "GM"]
[WhiteElo "2366"]
[BlackElo "2378"]
[WhiteTeam "Cavalier Bleu DRANCY"]
[BlackTeam "Les Tours de Haute Picardie, SAINT QUENTIN"]
[WhiteFideId "612227"]
[BlackFideId "4113250"]
[EventDate "2016.05.28"]

1. d4 Nf6 2. c4 e6 3. g3 d5 4. Nf3 Bb4+ 5. Bd2 Be7 6. Bg2 O-O 7. O-O c6 8. Qc2
Nbd7 9. Bf4 Nh5 10. Bc1 Nhf6 11. Bf4 Nh5 12. Bc1 Nhf6 13. Bf4 1/2-1/2

[Event "TCh-FRA Top 12 2016"]
[Site "Drancy FRA"]
[Date "2016.06.02"]
[Round "6.5"]
[Board "8"]
[White "Leconte, Maria"]
[Black "Roumegous, Marina"]
[Result "1-0"]
[WhiteTitle "WGM"]
[BlackTitle "WIM"]
[WhiteElo "2217"]
[BlackElo "2117"]
[WhiteTeam "Les Tours de Haute Picardie, SAINT QUENTIN"]
[BlackTeam "Cavalier Bleu DRANCY"]
[WhiteFideId "618446"]
[BlackFideId "620416"]
[EventDate "2016.05.28"]

1. e4 d5 2. exd5 Qxd5 3. Nc3 Qd8 4. d4 Nf6 5. Bc4 a6 6. Nf3 e6 7. Qe2 Bb4 8. O-O
c6 9. Bg5 Be7 10. Rad1 O-O 11. Rfe1 Nd5 12. Nxd5 Bxg5 13. Nb6 Qxb6 14. Nxg5 Qc7
15. Rd3 h6 16. Ne4 b5 17. Bb3 a5 18. c3 a4 19. Bc2 Na6 20. Nf6+ Kh8 21. Rh3 Qf4
22. Nh5 Qc7 23. Nxg7 Qf4 24. Nh5 Qg5 25. Rg3 Qh4 26. Rg7 f5 27. Qe5 Rf6 28. Re7 1-0

[Event "TCh-FRA Top 12 2016"]
[Site "Drancy FRA"]
[Date "2016.06.02"]
[Round "6.6"]
[Board "1"]
[White "Vachier-Lagrave, Maxime"]
[Black "Salgado Lopez, Ivan"]
[Result "1/2-1/2"]
[WhiteTitle "GM"]
[BlackTitle "GM"]
[WhiteElo "2788"]
[BlackElo "2618"]
[WhiteTeam "CLICHY Echecs 92"]
[BlackTeam "L'Echiquier Chalonnais, CHALONS-EN-CHAMPAGNE"]
[WhiteFideId "623539"]
[BlackFideId "2257327"]
[EventDate "2016.05.28"]

1. e4 c5 2. Nf3 Nc6 3. Nc3 d6 4. d4 cxd4 5. Nxd4 Nf6 6. Bg5 e6 7. Qd2 a6 8.
O-O-O Bd7 9. f3 h6 10. Be3 b5 11. Nxc6 Bxc6 12. Kb1 Qc7 13. Ne2 Bb7 14. Nd4 e5
15. Nb3 d5 16. exd5 Nxd5 17. Bd3 Bb4 18. c3 Be7 19. Rhe1 Rd8 20. Qf2 Nxe3 21.
Qxe3 O-O 22. Qxe5 Qxe5 23. Rxe5 Bd6 24. Rh5 Bf4 25. Rh4 Be5 26. Kc2 Bf6 27. Rb4
Bd5 28. Re1 Rd6 29. Nc5 Rfd8 30. a4 Bc6 31. axb5 axb5 32. Be4 Rd2+ 33. Kb3 Be8
34. f4 Kf8 35. Bf3 Be7 36. Re5 Bd6 37. Ne4 Bxe5 38. Nxd2 Bc7 39. Kc2 Ba5 40. Re4
Bb6 41. f5 Bd7 42. Re5 Bc7 43. Rd5 Bxh2 44. Nb3 Ke7 45. Nd4 b4 46. cxb4 Ba4+ 47.
Kd3 Rxd5 48. Bxd5 Bd7 49. b5 Bc7 50. Bc6 Bc8 51. Ke4 1/2-1/2

[Event "TCh-FRA Top 12 2016"]
[Site "Drancy FRA"]
[Date "2016.06.02"]
[Round "6.6"]
[Board "2"]
[White "Krasenkow, Michal"]
[Black "Fressinet, Laurent"]
[Result "1/2-1/2"]
[WhiteTitle "GM"]
[BlackTitle "GM"]
[WhiteElo "2610"]
[BlackElo "2692"]
[WhiteTeam "L'Echiquier Chalonnais, CHALONS-EN-CHAMPAGNE"]
[BlackTeam "CLICHY Echecs 92"]
[WhiteFideId "1113100"]
[BlackFideId "608742"]
[EventDate "2016.05.28"]

1. d4 d5 2. c4 c6 3. Nf3 Nf6 4. Qb3 e6 5. g3 Be7 6. Bg2 O-O 7. O-O Nbd7 8. Bg5
h6 9. Bxf6 Nxf6 10. Ne5 Nd7 11. Nxd7 Qxd7 12. Nc3 Rd8 13. Rad1 Qc7 14. e4 dxc4
15. Qxc4 b5 16. Qb3 b4 17. Na4 Ba6 18. Rfe1 Qa5 19. Bf1 Bxf1 20. Rxf1 Rd7 21.
Nc5 Bxc5 22. dxc5 Rxd1 23. Rxd1 Qxc5 24. Rd7 a5 25. a3 Qb5 26. Qf3 Rf8 27. axb4
c5 28. Rc7 cxb4 29. b3 Qb6 30. Rc2 Rd8 31. Kg2 Qb7 32. Rc5 Rd4 33. Rxa5 Qxe4 34.
Qxe4 Rxe4 35. h4 Rd4 36. Rb5 g6 37. Kf1 Re4 38. Kg2 Kg7 39. Rb7 Rd4 40. Kf1 g5
41. hxg5 hxg5 42. Ke2 Kg6 43. Ke3 e5 44. Rb6+ f6 45. Ke2 g4 46. Ke3 Kg5 47. Rb5
Kf5 48. Rb6 Kg6 49. Rb5 Kf7 50. Rb7+ Ke6 51. Rb6+ Ke7 52. Rb7+ Ke8 53. Rb6 Ke7
54. Rb7+ Ke6 55. Rb6+ Kf7 56. Rb7+ Kg8 57. Rb8+ Kh7 58. Rb7+ Kh6 59. Rb6 Kg6 60.
Rb5 Kg5 61. Rb6 f5 62. Rb5 Kf6 63. Rb6+ Ke7 64. Rb7+ Kd6 65. Rb6+ Kd5 66. Rb5+
Kd6 67. Rb6+ Kc5 68. Rf6 Re4+ 69. Kd3 Rd4+ 70. Ke3 Re4+ 71. Kd3 Re1 72. Rxf5 Kd5
73. Rf8 Rd1+ 74. Kc2 Rd4 75. Rg8 Ke6 76. Rf8 Kd6 77. Rd8+ Ke6 78. Rf8 Rd7 79. f3
gxf3 80. Rxf3 e4 81. Rf8 Ke5 82. Re8+ Kf5 83. Rf8+ Ke5 84. Re8+ Kd4 85. Kd2 Kc5+
86. Ke3 Rd3+ 87. Kxe4 Rxg3 88. Rc8+ Kd6 89. Rd8+ 1/2-1/2

[Event "TCh-FRA Top 12 2016"]
[Site "Drancy FRA"]
[Date "2016.06.02"]
[Round "6.6"]
[Board "3"]
[White "Hammer, Jon Ludvig"]
[Black "Cossin, Sebastien"]
[Result "1/2-1/2"]
[WhiteTitle "GM"]
[BlackTitle "IM"]
[WhiteElo "2689"]
[BlackElo "2514"]
[WhiteTeam "CLICHY Echecs 92"]
[BlackTeam "L'Echiquier Chalonnais, CHALONS-EN-CHAMPAGNE"]
[WhiteFideId "1503707"]
[BlackFideId "618802"]
[EventDate "2016.05.28"]

1. c4 Nf6 2. Nf3 b6 3. d4 e6 4. g3 Bb7 5. Bg2 Be7 6. O-O O-O 7. Nc3 Ne4 8. Bd2
Nxd2 9. Qxd2 d6 10. d5 Bf6 11. Ne4 Nd7 12. Rfe1 a5 13. g4 exd5 14. cxd5 Re8 15.
Ng3 g6 16. g5 Bg7 17. h4 a4 18. Nd4 Ne5 19. Rac1 Qd7 20. Qf4 Ra5 21. Nc6 Rb5 22.
Nxe5 Bxe5 23. Qxa4 Ra8 24. Rxc7 Rxa4 25. Rxd7 Bxd5 26. Rc1 Rc4 27. Rxc4 Bxc4 28.
b3 Be6 29. Rd8+ Kg7 30. Ne4 d5 31. Nd6 Rc5 32. Ne8+ Kf8 33. Nc7+ Ke7 34. Nxe6
fxe6 35. Ra8 Ra5 36. Rxa5 bxa5 37. Bh3 Bd6 38. Kg2 Bb4 39. f4 Be1 40. h5 gxh5
41. Kf3 Bd2 42. e3 Bc1 43. Bf1 h4 44. Bh3 Kd6 45. f5 exf5 46. Bxf5 d4 47. exd4
Bxg5 48. Ke4 Bc1 49. Kd3 Bb2 50. Bxh7 h3 51. Be4 h2 52. Kc4 Bc1 53. b4 axb4 54.
Kxb4 Be3 55. Kc4 Bd2 56. a4 Ba5 57. Kb5 Bc3 58. d5 Bd4 59. a5 Bf2 60. Ka6 Kc7
61. d6+ Kxd6 62. Kb7 Ke5 1/2-1/2

[Event "TCh-FRA Top 12 2016"]
[Site "Drancy FRA"]
[Date "2016.06.02"]
[Round "6.6"]
[Board "4"]
[White "Velten, Paul"]
[Black "Hamdouchi, Hicham"]
[Result "0-1"]
[WhiteTitle "IM"]
[BlackTitle "GM"]
[WhiteElo "2469"]
[BlackElo "2585"]
[WhiteTeam "L'Echiquier Chalonnais, CHALONS-EN-CHAMPAGNE"]
[BlackTeam "CLICHY Echecs 92"]
[WhiteFideId "681091"]
[BlackFideId "9000011"]
[EventDate "2016.05.28"]

1. Nf3 Nf6 2. g3 g6 3. Bg2 Bg7 4. O-O O-O 5. c4 d6 6. d4 Nbd7 7. Nc3 e5 8. e3
Re8 9. b3 c6 10. Bb2 e4 11. Nd2 d5 12. Rc1 Nf8 13. b4 a6 14. b5 Bg4 15. Qc2 axb5
16. cxb5 cxb5 17. Qb3 Qa5 18. a3 Rec8 19. h3 Bd7 20. Rfd1 Bc6 21. Bf1 Ne6 22.
Bxb5 Bf8 23. Bf1 h5 24. Bg2 h4 25. gxh4 Qd8 26. Rf1 Bh6 27. f4 Ng7 28. Rf2 Nf5
29. Nf1 Nh5 30. Na2 Qxh4 31. Nb4 Nf6 32. Nxc6 bxc6 33. Bc3 Nh5 34. Be1 Qe7 35.
a4 Rab8 36. Qd1 c5 37. dxc5 Rxc5 38. Rxc5 Qxc5 39. Rc2 Qa7 40. Qxd5 Nxe3 41. Bf2
Nxd5 42. Bxa7 Re8 43. Rb2 Bxf4 44. Bd4 f5 45. Nd2 Ng3 46. Nf1 Ra8 47. Nxg3 Bxg3
48. Ra2 Nb4 49. Ra3 Nc2 50. Rxg3 Nxd4 51. Rxg6+ Kf7 52. Rd6 Rxa4 53. Kf2 Ra2+
54. Kg3 Rd2 55. Ra6 e3 56. Ra7+ Kf6 57. Ra6+ Ke7 58. Ra7+ Kd6 59. Ra6+ Ke7 60.
Ra7+ Kd6 61. Ra6+ Kc5 62. Ra5+ Kc4 63. Re5 Kd3 64. Bb7 Rf2 65. Ba6+ Kd2 66. Ra5
f4+ 67. Kg4 f3 68. Rd5 Kc3 69. Rc5+ Kb2 70. Re5 e2 71. Re4 Kc3 72. Re3+ Kd2 73.
Rd3+ Kc2 74. Re3 Rf1 0-1

[Event "TCh-FRA Top 12 2016"]
[Site "Drancy FRA"]
[Date "2016.06.02"]
[Round "6.6"]
[Board "5"]
[White "Tregubov, Pavel V."]
[Black "Favarel, Antoine"]
[Result "1-0"]
[WhiteTitle "GM"]
[BlackTitle "FM"]
[WhiteElo "2593"]
[BlackElo "2348"]
[WhiteTeam "CLICHY Echecs 92"]
[BlackTeam "L'Echiquier Chalonnais, CHALONS-EN-CHAMPAGNE"]
[WhiteFideId "4115341"]
[BlackFideId "642371"]
[EventDate "2016.05.28"]

1. d4 Nf6 2. c4 e6 3. Nf3 d5 4. Nc3 Bb4 5. cxd5 exd5 6. Bf4 O-O 7. e3 Ne4 8. Rc1
g5 9. Bg3 h5 10. Nd2 Nxd2 11. Kxd2 Bg4 12. f3 Bf5 13. a3 Ba5 14. b4 Bb6 15. h4
Re8 16. hxg5 Bxd4 17. exd4 Qxg5+ 18. f4 Qxg3 19. Qf3 Qg7 20. Qxd5 Nc6 21. Qxf5
Nxd4 22. Qg5 Qxg5 23. fxg5 Nb3+ 24. Kc2 Nxc1 25. Bc4 Kg7 26. Kxc1 Re5 27. Rxh5
Rd8 28. Kc2 c6 29. Bd3 Rd4 30. Rh7+ Kf8 31. g6 fxg6 32. Rxb7 Re3 33. Be2 Rf4 34.
Kd2 Re7 35. Rxe7 Kxe7 36. Ke3 Rf8 37. Bf3 Kd6 38. Kd4 a5 39. bxa5 Ra8 40. Nb5+
Kd7 41. Kc5 Ra6 42. Nd4 1-0

[Event "TCh-FRA Top 12 2016"]
[Site "Drancy FRA"]
[Date "2016.06.02"]
[Round "6.6"]
[Board "6"]
[White "Letreguilly, Olivier"]
[Black "Delorme, Axel"]
[Result "0-1"]
[WhiteTitle "FM"]
[BlackTitle "IM"]
[WhiteElo "2306"]
[BlackElo "2502"]
[WhiteTeam "L'Echiquier Chalonnais, CHALONS-EN-CHAMPAGNE"]
[BlackTeam "CLICHY Echecs 92"]
[WhiteFideId "600997"]
[BlackFideId "632023"]
[EventDate "2016.05.28"]

1. e4 e5 2. Nf3 Nc6 3. Bb5 a6 4. Ba4 g6 5. d4 exd4 6. Bg5 Be7 7. Bxe7 Qxe7 8.
O-O Nf6 9. Re1 O-O 10. e5 Nh5 11. c3 b5 12. Bb3 Na5 13. cxd4 Nxb3 14. axb3 Bb7
15. Nc3 f6 16. Ne4 fxe5 17. dxe5 Rf4 18. Qd3 Raf8 19. Rad1 Bc6 20. Re3 Rg4 21.
Qd4 Rxf3 0-1

[Event "TCh-FRA Top 12 2016"]
[Site "Drancy FRA"]
[Date "2016.06.02"]
[Round "6.6"]
[Board "7"]
[White "Barbot, Pierre1"]
[Black "Anic, Darko"]
[Result "0-1"]
[WhiteTitle "IM"]
[BlackTitle "GM"]
[WhiteElo "2429"]
[BlackElo "2381"]
[WhiteTeam "CLICHY Echecs 92"]
[BlackTeam "L'Echiquier Chalonnais, CHALONS-EN-CHAMPAGNE"]
[WhiteFideId "663727"]
[BlackFideId "602612"]
[EventDate "2016.05.28"]

1. d4 Nf6 2. c4 e6 3. Nf3 d5 4. Nc3 Bb4 5. Qa4+ Nc6 6. Ne5 Bd7 7. Nxd7 Nxd7 8.
e3 Nb6 9. Qb3 dxc4 10. Bxc4 Nxc4 11. Qxc4 Qd5 12. Qxd5 Bxc3+ 13. bxc3 exd5 14.
Ke2 Na5 15. f3 f5 16. Bd2 O-O-O 17. Kd3 Rhe8 18. Rae1 Nc4 19. Bc1 Nd6 20. h3 Re6
21. g4 Rde8 22. Bd2 g6 23. Rhg1 Rf8 24. Ref1 Kd7 25. Bc1 Rf7 26. gxf5 Rxf5 27.
Ba3 Nb5 28. Bb2 Ra6 29. e4 Rh5 30. c4 Rxa2 31. Rf2 dxe4+ 32. Kxe4 Nd6+ 33. Kd3
Rxh3 34. Re1 Nf5 35. d5 b6 36. Kc3 Nd6 37. Kb3 Rxb2+ 38. Kxb2 Nxc4+ 39. Kc3 Nd6
40. Kd4 a5 41. Rc1 Nf5+ 42. Ke4 Rh4+ 43. f4 Rh3 44. Rf3 Nd6+ 45. Ke3 Rh5 46. Kd4
Nf5+ 47. Ke4 Ne7 48. Rd3 Kd6 49. Rcd1 Rh4 50. Kf3 Rh5 51. Ke4 Rf5 52. Rh3 Nxd5
53. Rxh7 Rxf4+ 54. Kd3 Rg4 55. Rh8 c6 56. Rc1 Rg3+ 57. Kd2 Nb4 58. Rd8+ Kc7 59.
Rg8 b5 60. Rf1 a4 61. Rf6 Rg2+ 62. Kc1 a3 63. Rfxg6 a2 0-1